ՀՀ Գիտությունների ազգային ակադեմիայի հիմնարար գիտական գրադարան  =   Fundamental Scientific Library of NAS RA

Путеводитель по Дому-музею К. Э. Циолковского / (Record no. 512220)

MARC details
000 -LEADER
fixed length control field 00714nam a22002177a 4500
003 - CONTROL NUMBER IDENTIFIER
control field AM-YEHGA
005 - DATE AND TIME OF LATEST TRANSACTION
control field 20250617163748.0
008 - FIXED-LENGTH DATA ELEMENTS--GENERAL INFORMATION
fixed length control field 210723s ||||| |||| 00| 0 rus d
040 ## - CATALOGING SOURCE
Original cataloging agency AM-YeHGA
041 0# - LANGUAGE CODE
Language code of text/sound track or separate title rus
001 - CONTROL NUMBER
control field 1781912
090 ## - LOCALLY ASSIGNED LC-TYPE CALL NUMBER (OCLC); LOCAL CALL NUMBER (RLIN)
-- 515731
110 2# - MAIN ENTRY--CORPORATE NAME
Corporate name or jurisdiction name as entry element Дом-музей К. Э. Циолковского /
Location of meeting (Калуга)
245 10 - TITLE STATEMENT
Title Путеводитель по Дому-музею К. Э. Циолковского /
Statement of responsibility, etc. Сост.: В. Зотов
260 ## - PUBLICATION, DISTRIBUTION, ETC.
Place of publication, distribution, etc. Калуга :
Name of publisher, distributor, etc. Кн. изд-во,
Date of publication, distribution, etc. 1961.
300 ## - PHYSICAL DESCRIPTION
Extent 136 с.,
Other physical details ил.
600 14 - SUBJECT ADDED ENTRY--PERSONAL NAME
Personal name Циолковский, К.Э.
653 0# - INDEX TERM--UNCONTROLLED
Uncontrolled term Ученые русские
700 1# - ADDED ENTRY--PERSONAL NAME
Relationship com
Personal name Зотов, В.
Relator term сост.
942 ## - ADDED ENTRY ELEMENTS (KOHA)
Source of classification or shelving scheme Universal Decimal Classification
Koha item type Գրքեր / Books
Holdings
Withdrawn status Lost status Source of classification or shelving scheme Damaged status Not for loan Collection Home library Current library Date acquired Total checkouts Full call number Barcode Date last seen Price effective from Koha item type Public note
    Universal Decimal Classification     General Fundamental Scientific Library Fundamental Scientific Library 23/07/2021   PII/57346 FL0654430 23/07/2021 23/07/2021 Գրքեր / Books 30 Days Loan


ՀՀ ԳԱԱ հիմնարար գիտական գրադարան
ՀՀ,Երևան 0019
Մարշալ Բաղրամյան 24/6
հեռախոս:(374-10) 52-47-50
Հետադարձ կապ

All site content, except where otherwise noted, is licensed under a
Creative Commons License